01470nam a2200229 a 4500008004100000050002300041110004700064245004000111260005900151300000900210350000900219650002700228650004000255710008300295995015300378995015400531995015400685999001700839952012800856952012800984952012801112090709s2002 ||||||||||||||||| || u aGOV.ZAM(02)2002/7A aGovernment of the Republic of Zambia (GRZ)10aRepublic of Zambia transport policy aLusakabMinistry of Communications and Transportc2002 a47p. a0.00 aTRANSPORTATION--ZAMBIA aURBAN TRANSPORTATION POLICY--ZAMBIA aGovernment of the Republic of Zambia. Ministry of Communications and Transport aSPECIAL COLLECTIONSD0.00e03004367FCBU-MAIN LIBRARY (Kitwe)H1I0.00jGOV.ZAM(02)2002/7AM1UAVAILABLEWJul 9, 2009y03004367ZZambiana Collection aSPECIAL COLLECTIONSD0.00e03006692FCBU-MAIN LIBRARY (Kitwe)H1I0.00jGOV.ZAM(02)2002/7BM2UAVAILABLEWJun 28, 2010y03006692ZZambiana Collection aSPECIAL COLLECTIONSD0.00e03006693FCBU-MAIN LIBRARY (Kitwe)H1I0.00jGOV.ZAM(02)2002/7CM3UAVAILABLEWJun 28, 2010y03006693ZZambiana Collection c80131d80131 00102lcc4070a001b001cZambiana Collectiond2023-06-29l0oGOV.ZAM(02)2002/7Ap03004367r2023-06-29t1w2023-06-29y023 00102lcc4070a001b001cZambiana Collectiond2023-06-29l0oGOV.ZAM(02)2002/7Bp03006692r2023-06-29t2w2023-06-29y023 00102lcc4070a001b001cZambiana Collectiond2023-06-29l0oGOV.ZAM(02)2002/7Cp03006693r2023-06-29t3w2023-06-29y023